000 02013nam a2200577 i 4500
001 56173
003 KOSZ 005
005 20220119133703.0
008 081212s2008 pl a f f |000 0 pol
015 _aUWD 2009/17843
020 _a9788372424846
035 _a991047447329705066
035 _a(PL-WaBN)b23115579-48omnis_nlop
035 _ab23115579
035 _a(OCoLC)833374772
035 _a(PL)b0000002311557
035 _a(EXLNZ-48OMNIS_NETWORK)9910447152605606
040 _aWA N
_cWA N
_dWA N
_dKOSZ 005/HR
046 _k2008
080 _a624.012.4-049.5
080 _a624.04
080 _a614.84
080 _a006.3/.8(4-67)
080 _a(075.8)
100 1 _aChudyba, Krzysztof
_eAutor
245 1 0 _aProjektowanie konstrukcji z betonu w warunkach pożarowych według Eurokodów :
_bpodręcznik dla studentów wyższych szkół technicznych /
_cKrzysztof Chudyba ; Politechnika Krakowska im. Tadeusza Kościuszki.
260 _aKraków :
_bWydawnictwo PK,
_c2008.
300 _a159 s. :
_bil. ;
_c24 cm.
336 _aTekst
_btxt
_2rdacontent
337 _aBez urządzenia pośredniczącego
_bn
_2rdamedia
338 _aWolumin
_bnc
_2rdacarrier
380 _aKsiążki
380 _aPublikacje dydaktyczne
385 _mPoziom nauczania
_aSzkoły wyższe
388 _a2001-
504 _aBibliogr. s. 157-159.
610 2 7 _aUnia Europejska (UE)
_2DBN
650 7 _aBezpieczeństwo
_2DBN
650 7 _aKonstrukcje betonowe
_2DBN
650 7 _aNormalizacja
_2DBN
650 7 _aEurokody
650 7 _aPożarnictwo
_2DBN
651 7 _aPolska
_2DBN
655 7 _aPodręczniki akademickie
_2DBN
655 7 _aProjekt budowlany
658 _aArchitektura i budownictwo
710 2 _aWydawnictwo Politechniki Krakowskiej
_4pbl
856 _uhttp://koha.tu.koszalin.pl/cgi-bin/koha/opac-detail.pl?biblionumber=56173
_yKatalog online BPK
942 _2UKD
_cKS
999 _c56173
_d56173